Report Of The Finance Committee On The Request For The Waiver Of Import Duties, Import Vat, ECOWAS Levy, And Other Approved Imposts Including EXIM Levy, Special Import Levy And Inspection Fees As Assessed Amounting To The Ghana Cedi Equivalent Of Six Hundred, Sixty-Eight Thousand, Nine Hundred And Thirty-Three Euros ($6,068,933.00) On Imported Construction Materials And Equipment In Respect Of The Upgrade And Major Rehabilitation Of The Tamale Teaching Hospital- Phase II By Vamed Engineering International BV (Record no. 1136)

MARC details
000 -LEADER
fixed length control field 01015nam a2200181Ia 4500
003 - CONTROL NUMBER IDENTIFIER
control field OSt
005 - DATE AND TIME OF LATEST TRANSACTION
control field 20250221100504.0
008 - FIXED-LENGTH DATA ELEMENTS--GENERAL INFORMATION
fixed length control field 240428s9999||||xx |||||||||||||| ||und||
041 ## - LANGUAGE CODE
Language code of text/sound track or separate title eng
082 ## - DEWEY DECIMAL CLASSIFICATION NUMBER
Classification number BE/ICME/18
110 ## - MAIN ENTRY--CORPORATE NAME
Corporate name or jurisdiction name as entry element Finance Committee
245 #0 - TITLE STATEMENT
Title Report Of The Finance Committee On The Request For The Waiver Of Import Duties, Import Vat, ECOWAS Levy, And Other Approved Imposts Including EXIM Levy, Special Import Levy And Inspection Fees As Assessed Amounting To The Ghana Cedi Equivalent Of Six Hundred, Sixty-Eight Thousand, Nine Hundred And Thirty-Three Euros ($6,068,933.00) On Imported Construction Materials And Equipment In Respect Of The Upgrade And Major Rehabilitation Of The Tamale Teaching Hospital- Phase II By Vamed Engineering International BV
260 ## - PUBLICATION, DISTRIBUTION, ETC.
Name of publisher, distributor, etc. Accra
Place of publication, distribution, etc. Parliament Of Ghana
Date of publication, distribution, etc. 2018
300 ## - PHYSICAL DESCRIPTION
Extent 7p: tabs.
650 ## - SUBJECT ADDED ENTRY--TOPICAL TERM
Topical term or geographic name entry element Upgrade And Major Rehabilitation Of The Tamale Teaching Hospital- Phase II By Vamed Engineering International BV
942 ## - ADDED ENTRY ELEMENTS (KOHA)
Koha item type Reports
Source of classification or shelving scheme Dewey Decimal Classification
Suppress in OPAC No
Holdings
Withdrawn status Lost status Damaged status Not for loan Home library Current library Shelving location Date acquired Total checkouts Full call number Date last seen Copy number Price effective from Koha item type
        Main Library Main Library Open Shelves 08/06/2022   BE/ICME/18/770 29/04/2024 1 29/04/2024 Budget - MMDAs
©2026  Parliament of Ghana Library - All rights reserved